000
00288nam a22001217a 4500
008
180918b xxu||||| |||| 00| 0 eng d
041
_a
eng
080
_a
330
100
_a
59
101
_a
BUS
245
_a
Calculator Analysis Fore Business And Finance
_c
Curry.J.L
942
_2
udc
_c
BK
999
_c
47944
_d
47944